000 00550nam a2200205Ia 4500
003 OSt
005 20231201145904.0
008 210210b1959 xxu||||| |||| 00| 0 eng d
040 _cAL
041 _aEnglish
082 _a324.9 LIPP
100 _aLIPSET (Seymour Martin).
_9143951
245 _aPolitical man: the social bases of politics.
260 _aBombay
_bVakils Feffer and Simons Pvt Ltd
_c1959
300 _a207
650 _aSocial bases politics
_9143952
690 _aPolitical Process
_9143953
906 _a027888
942 _2ddc
_cBK
999 _c79156
_d79156